| 000 | 00668nam a2200217Ii 4500 | ||
|---|---|---|---|
| 003 | JO-AjNU | ||
| 008 | 230606s9999||||xx |||||||||||||| ||und|| | ||
| 020 | _a0-07-010855-2 | ||
| 040 |
_aJO-AjNU _beng _erda _cJO-AjNU |
||
| 041 | _aeng | ||
| 050 | 1 | 4 | _aQA331.C524 1974 |
| 100 | 3 |
_aCHURCHILL, RUEL V , JAMES W.BROWN , ROGER F. VERHEY, _eauthor _95853 |
|
| 245 | 0 | 0 | _aComplex Variables and Applications |
| 250 | _a3 ed | ||
| 264 | 3 | 1 | _aTokyo: INTERNATIONAL STUDENT EDITION, 1974 |
| 300 | _a332P | ||
| 336 |
_atext _btxt _2rdacontent |
||
| 337 |
_aunmediated _bn _2rdamedia |
||
| 338 |
_avolume _bnc _2rdacarrier |
||
| 650 | 4 |
_aFunctions Of Complex Variables _95854 |
|
| 999 |
_aE3036 _c3033 _d3033 |
||